Pays ayant le plus de chemin de fer à voie métrique - Statistiques

Statistiques générales
  • Ce quiz a été pris 65 fois
  • Le résultat moyen est 8 sur 18
Statistiques - réponses
Longueur Réponse % Correct
17 720 km France
91%
10 1945 km Espagne
84%
13 1159 km Allemagne
80%
1 23 218 km Brésil
77%
3 ≈ 5000 km Argentine
71%
6 3036 km Chili
70%
5 3520 km Bolivie
52%
16 836 km Suisse
45%
8 2367 km Vietnam
45%
4 4070 km Thaïlande
41%
18 647 km Cambodge
38%
2 5403 km Myanmar
34%
11 1910 km Malaisie
32%
9 2149 km Bangladesh
27%
12 1694 km Tunisie
16%
7 2860 km Tanzanie
13%
14 1025 km Cameroun
11%
15 836 km Madagascar
7%
Aucun quiz correspondant
Distribution des résultats
% des personnes avec chaque résultat
Percentile par nombre de réponses
Votre historique - résultats
Vous n’avez pas pris ce quiz